PHARMACEUTICAL PROCESS VALIDATION (Record no. 34497)

MARC details
000 -LEADER
fixed length control field 00301nam a22001337a 4500
003 - CONTROL NUMBER IDENTIFIER
control field SGT
020 ## - INTERNATIONAL STANDARD BOOK NUMBER
International Standard Book Number 9781138367623
082 ## - DEWEY DECIMAL CLASSIFICATION NUMBER
Classification number 615
Item number NAS
100 ## - MAIN ENTRY--PERSONAL NAME
Personal name NASH ROBERT A
245 ## - TITLE STATEMENT
Title PHARMACEUTICAL PROCESS VALIDATION
260 ## - PUBLICATION, DISTRIBUTION, ETC. (IMPRINT)
Place of publication, distribution, etc NEW YORK
Name of publisher, distributor, etc CRC PRESS PUB
Year of Publication 2025
300 ## - PAGE DESCRIPTION
No. of Pages 860
942 ## - ADDED ENTRY ELEMENTS (KOHA)
Source of classification or shelving scheme Dewey Decimal Classification
Koha item type Books
Holdings
Withdrawn status Lost status Source of classification or shelving scheme Damaged status Not for loan Collection code Home library Current library Shelving location Date acquired Vendor Name SGTU Bill Number Total Checkouts Full call number Accession No. (Barcode) Date last seen Bill Date Koha item type
    Dewey Decimal Classification   Not For Loan SCIENCE SGT Science & Social Sciences Library SGT Science & Social Sciences Library Reference Book 26/03/2026 ABC SGTU 22597   615 NAS DP2038 26/03/2026 09/03/2026 Books